Eastern Utah Libraries Catalog: Duchesne, Heber, Roosevelt, & Vernal

Down to the bone (Record no. 275964)

MARC details
000 -LEADER
fixed length control field 03265ngm a2200685Ia 4500
001 - CONTROL NUMBER
control field ocm71794123
003 - CONTROL NUMBER IDENTIFIER
control field OCoLC
005 - DATE AND TIME OF LATEST TRANSACTION
control field 20200320185348.0
007 - PHYSICAL DESCRIPTION FIXED FIELD--GENERAL INFORMATION
fixed length control field vd cvaizq
008 - FIXED-LENGTH DATA ELEMENTS--GENERAL INFORMATION
fixed length control field 060928s2006 nyu104 e vleng d
019 ## -
-- 423679466
020 ## - INTERNATIONAL STANDARD BOOK NUMBER
Terms of availability 15.95
024 1# - OTHER STANDARD IDENTIFIER
Standard number or code 829567030226
028 42 - PUBLISHER NUMBER
Publisher number 670302
Source Hart Sharp Video
029 1# - (OCLC)
OCLC library identifier NZ1
System control number 12083668
035 ## - SYSTEM CONTROL NUMBER
System control number (OCoLC)71794123
Canceled/invalid control number (OCoLC)423679466
037 ## - SOURCE OF ACQUISITION
Source of stock number/acquisition Midwest Tape
Note http://www.midwesttapes.com
040 ## - CATALOGING SOURCE
Original cataloging agency TEFMT
Transcribing agency TEFMT
Modifying agency RCS
-- LEO
-- BTCTA
-- IXA
-- GRR
-- UCFTA
-- UMC
-- OCLCA
-- WACOL
043 ## - GEOGRAPHIC AREA CODE
Geographic area code n-us---
049 ## - LOCAL HOLDINGS (OCLC)
Holding library WACL
050 14 - LIBRARY OF CONGRESS CALL NUMBER
Classification number PN1995.9.D78
Item number D696 2006
082 04 - DEWEY DECIMAL CLASSIFICATION NUMBER
Classification number 791.43/72
Edition number 22
092 ## - LOCALLY ASSIGNED DEWEY CALL NUMBER (OCLC)
Classification number DVD
Item number Dow
245 00 - TITLE STATEMENT
Title Down to the bone
Medium [videorecording] /
Statement of responsibility, etc Laemmle/Zeller Films ; Down to the Bone Productions ; Susie Q Productions ; directed by Debra Granik.
260 ## - PUBLICATION, DISTRIBUTION, ETC. (IMPRINT)
Place of publication, distribution, etc New York :
Name of publisher, distributor, etc Hart Sharp Video ;
Place of publication, distribution, etc [United States] :
Name of publisher, distributor, etc Distributed by Warner-Elektra-Atlantic Corporation,
Date of publication, distribution, etc [2006]
300 ## - PHYSICAL DESCRIPTION
Extent 1 videodisc (ca. 104 min.) :
Other physical details sd., col. ;
Dimensions 4 3/4 in.
538 ## - SYSTEM DETAILS NOTE
System details note DVD, region 1, widescreen (16:9) presentation; Dolby Digital.
500 ## - GENERAL NOTE
General note Title from container.
511 1# - PARTICIPANT OR PERFORMER NOTE
Participant or performer note Vera Farmiga, Hugh Dillon, Clint Jordan, Caridad de la Luz, Jasper Daniels, Taylor Foxhall.
500 ## - GENERAL NOTE
General note Originally released as a motion picture in 2004.
500 ## - GENERAL NOTE
General note Based on the Award-winning short film "Snake feed."
521 8# - TARGET AUDIENCE NOTE
Target audience note MPAA rating: R; for pervasive drug content, language and some sexuality.
520 ## - SUMMARY, ETC.
Summary, etc Irene is a working-class mother struggling to keep her marriage together while keeping her cocaine habit a secret. While in rehab she falls in love with a fellow addict, but when one of them relapses, their commitment to each other and sobriety shatters.
500 ## - GENERAL NOTE
General note Special features: Film commentary with director Debra Granik & star Vera Farmiga; Award-winning short "Snake feed" on which the movie was based; Original theatrical trailer.
508 ## - CREATION/PRODUCTION CREDITS NOTE
Creation/production credits note Costume designer, Nancy Brous; editor, Malcolm Jamieson; production designer, Mark White; director of photography, Michael McDonough.
650 #0 - SUBJECT ADDED ENTRY--TOPICAL TERM
Topical term or geographic name as entry element Working class women
Geographic subdivision New York (State)
Form subdivision Drama.
9 (RLIN) 5866272
650 #0 - SUBJECT ADDED ENTRY--TOPICAL TERM
Topical term or geographic name as entry element Cocaine abuse
Geographic subdivision New York (State)
Form subdivision Drama.
9 (RLIN) 5866273
650 #0 - SUBJECT ADDED ENTRY--TOPICAL TERM
Topical term or geographic name as entry element Rehabilitation
Form subdivision Drama.
9 (RLIN) 5866274
650 #1 - SUBJECT ADDED ENTRY--TOPICAL TERM
Topical term or geographic name as entry element Rehabilitation
Form subdivision Drama.
9 (RLIN) 5866274
655 #0 - INDEX TERM--GENRE/FORM
Genre/form data or focus term Feature films.
9 (RLIN) 5866275
655 #0 - INDEX TERM--GENRE/FORM
Genre/form data or focus term Melodrama, American.
9 (RLIN) 5802855
655 #7 - INDEX TERM--GENRE/FORM
Genre/form data or focus term Melodrama
Form subdivision Feature.
Source of term migfg
9 (RLIN) 5675363
655 #7 - INDEX TERM--GENRE/FORM
Genre/form data or focus term Crime
Form subdivision Feature.
Source of term migfg
9 (RLIN) 5756605
655 #7 - INDEX TERM--GENRE/FORM
Genre/form data or focus term Women
Form subdivision Feature.
Source of term migfg
9 (RLIN) 5755059
655 #7 - INDEX TERM--GENRE/FORM
Genre/form data or focus term Feature films.
Source of term gsafd
9 (RLIN) 5866275
655 #7 - INDEX TERM--GENRE/FORM
Genre/form data or focus term Melodrama.
Source of term gsafd
9 (RLIN) 5866276
655 #7 - INDEX TERM--GENRE/FORM
Genre/form data or focus term Features.
Source of term mim
9 (RLIN) 5690478
700 1# - ADDED ENTRY--PERSONAL NAME
Personal name Granik, Debra.
9 (RLIN) 5866277
700 1# - ADDED ENTRY--PERSONAL NAME
Personal name Farmiga, Vera.
9 (RLIN) 67457
700 1# - ADDED ENTRY--PERSONAL NAME
Personal name Dillon, Hugh R.,
Dates associated with a name 1963-
9 (RLIN) 5706252
700 1# - ADDED ENTRY--PERSONAL NAME
Personal name Jordon, Clint.
9 (RLIN) 5866278
710 2# - ADDED ENTRY--CORPORATE NAME
Corporate name or jurisdiction name as entry element Hart Sharp Video (Firm)
9 (RLIN) 69826
710 2# - ADDED ENTRY--CORPORATE NAME
Corporate name or jurisdiction name as entry element Warner-Elektra-Atlantic Corporation.
9 (RLIN) 73216
730 0# - ADDED ENTRY--UNIFORM TITLE
Uniform title Snake feed (Motion picture)
9 (RLIN) 5866279
938 ## -
-- Baker and Taylor
-- BTCP
-- be2006026682
942 ## - ADDED ENTRY ELEMENTS (KOHA)
Koha item type DVD
948 ## - LOCAL PROCESSING INFORMATION (OCLC); SERIES PART DESIGNATOR (RLIN)
Series part designator, SPT (RLIN) 09/09/2011
z (OCLC) Sirsi
994 ## -
-- 02
-- WACOL
996 ## -
-- 85970
-- 34301001027897
-- DVD
-- DVD
-- wcl
-- i
-- 25
-- 15.95
-- gift
-- Dow
-- 09/10/2011
-- 01/25/2020
-- 01/17/2020
Holdings
Withdrawn status Lost status Source of classification or shelving scheme Damaged status Not for loan Collection code Home library Current library Shelving location Date acquired Source of acquisition Cost, normal purchase price Total Checkouts Total Renewals Full call number Barcode Date last seen Date checked out Cost, replacement price Price effective from Koha item type
    Dewey Decimal Classification     Movies Wasatch County Library Wasatch County Library Audio Visual Area 09/10/2011 Donation 15.95 27 3 DVD Dow 34301001027897 03/07/2024 07/11/2022 15.95 03/20/2020 DVD
This project was made possible through a grant from the Institute of Museum and Library Service administered by the Utah State Library Division.

Wasatch County Library

  • 465 East 1200 South, Heber City, Utah 84032
  • Phone 435-654-1511 | Fax 435-654-6456

Hours

  • Monday - Friday 9:30 AM - 8:00 PM
  • Saturday 9:30 AM - 1:30 PM
  • Closed Sundays and Holidays